MARC

LEADER 00000nam a2200000Ia 4500
001 16378
003 BGR
005 20260324175726.0
008 160829s1990 xx 000 0 cat d
080 |a FU-41-52 
110 2 |a Fundación Francisco Largo Caballero (Madrid)  |9 59805 
245 |a Profile, attitudes and requests of UGT delegates and members / Fundación Largo Caballero ; research team:  |b  F. Bouza ... [et al.] 
260 |a Barcelona :  |b Institut de Ciències Polítiques i Socials,  |c 1990 
300 |a 48 p. ;  |c 21 cm 
490 |a Working papers / Institut de Ciències Polítiques i Socials ; 11 
610 2 0 |a Unió General de Treballadors de Catalunya  |9 52783 
650 |a Unió General de Treballadors de Catalunya  |x Afiliats, membres, socis, etc.  |9 39201 
700 |a Bouza, Fermín   |9 39202 
710 2 |a Institut de Ciències Polítiques i Socials (Barcelona, Catalunya)  |9 55871 
901 |a Arxiu 
942 |n 1  |2 udc  |c MON 
952 |0 0  |1 0  |4 0  |6 FU4152  |7 1  |9 48864  |a Arxiu  |b Arxiu  |d 2016-12-01  |l 0  |o FU-41-52  |p 16378  |r 2016-12-01 00:00:00  |w 2016-12-01  |y ARXIU 
999 |c 52699  |d 52699